Joueurs de la Dream Team - Statistiques

Statistiques générales
  • Ce quiz a été pris 2 204 fois
  • Le résultat moyen est 7 sur 13
Statistiques - réponses
Poste Equipe Joueur % Correct
Arrière Chicago Bulls Michael Jordan
99%
Meneur Los Angeles Lakers Magic Johnson
80%
Ailier Boston Celtics Larry Bird
77%
Ailier Chicago Bulls Scottie Pippen
76%
Ailier fort Phoenix Suns Charles Barkley
60%
Meneur Utah Jazz John Stockton
60%
Pivot San Antonio Spurs David Robinson
59%
Ailier fort Utah Jazz Karl Malone
59%
Pivot New York Knicks Patrick Ewing
58%
Arrière Portland Trail Blazers Clyde Drexler
44%
Ailier Golden State Warriors Chris Mullin
35%
Coach Detroit Pistons Chuck Daly
21%
Ailier fort Duke Blue Devils* Christian Laettner
20%
Aucun quiz correspondant
Distribution des résultats
% des personnes avec chaque résultat
Percentile par nombre de réponses
Votre historique - résultats
Vous n’avez pas pris ce quiz